| 000 | 00403nam a2200109Ia 4500 | ||
|---|---|---|---|
| 999 |
_c4306 _d4306 |
||
| 003 | yeezen | ||
| 005 | 20201026153452.0 | ||
| 008 | 180213s9999||||xx |||||||||||||| ||und|| | ||
| 020 |
_cNT261 _a978-986-92935-9-4 |
||
| 100 | _a郭欣怡 | ||
| 245 | 0 |
_c郭欣怡 _a改變工作順序,每天上班只需4小時:腦力開發醫學博士,教你「高效思考迴路」,效率提升64倍,不再加班累到死 |
|
| 250 | _a初版 | ||
| 260 |
_c2016 _a台北市 |
||
| 942 |
_2ccl _cBOOK |
||